| 000 | nam a22 7a 4500 | ||
|---|---|---|---|
| 999 |
_c329357 _d329357 |
||
| 003 | Nust | ||
| 005 | 20170503165221.0 | ||
| 008 | 170503b xxu||||| |||| 00| 0 eng d | ||
| 020 | _a0201204800 | ||
| 040 | _c0 | ||
| 082 | _a512 DAF | ||
| 100 | _aDaffer,Phares G.O | ||
| 245 |
_aAddsion-Wesley Pre-Algebra _cPhares G.O'Daffer |
||
| 260 |
_aMenlo Park,California _bAddison-Wesley _c1987 |
||
| 300 | _a548p | ||
| 500 | _aH.B | ||
| 942 |
_2ddc _cBK _k512 DAF |
||